000 00392pab a2200157 454500
008 180718b1997 xxu||||| |||| 00| 0 eng d
100 _aNair, K.R.G.
245 _aRegional development and planning in India
260 _c1997
300 _ap.240-45
362 _aJul-Sep
650 _aRegional planning - India
650 _aRegional planning
773 _aProductivity
909 _a36708
999 _c36708
_d36708